Àrea Metropolitana de Barcelona : Estadístiques bàsiques : 1989 / Àrea Metropolitana de Barcelona. Servei d'Informació Territorial. Secció d'Estadística i Anàlisi Territorial Estadístiques bàsiques :
Descripción Física:
50 p. ; 30 cm
MARC
| LEADER | 00000nam a2200000Ia 4500 | ||
|---|---|---|---|
| 001 | 9170 | ||
| 003 | BGR | ||
| 005 | 20260324175248.0 | ||
| 008 | 160829s9999 xx 000 0 cat d | ||
| 080 | |a M-3-322 | ||
| 110 | 1 | |9 70376 |a Àrea Metropolitana de Barcelona. Servei d'Informació Territorial | |
| 245 | |a Àrea Metropolitana de Barcelona : |b Estadístiques bàsiques : |b 1989 / Àrea Metropolitana de Barcelona. Servei d'Informació Territorial. Secció d'Estadística i Anàlisi Territorial | ||
| 260 | |a Barcelona : |b Àrea Metropolitana de Barcelona. Mancomunitat de Municipis, [1990] | ||
| 300 | |a 50 p. ; |c 30 cm | ||
| 650 | |a Àrea Metropolitana de Barcelona |x Estadístiques |9 23774 | ||
| 710 | 2 | |a Mancomunitat de Municipis de l'Àrea Metropolitana de Barcelona |9 6256 | |
| 901 | |a Arxiu | ||
| 942 | |n 1 |2 udc |c MON | ||
| 952 | |0 0 |1 0 |4 0 |6 M3322 |7 1 |9 42846 |a Arxiu |b Arxiu |d 2016-12-01 |l 0 |o M-3-322 |p 9170 |r 2016-12-01 00:00:00 |w 2016-12-01 |y ARXIU | ||
| 999 | |c 45352 |d 45352 | ||